| 000 | 00474nam a2200169Ia 4500 | ||
|---|---|---|---|
| 999 |
_c37175 _d37175 |
||
| 003 | OSt | ||
| 005 | 20211101113904.0 | ||
| 008 | 190216s9999||||xx |||||||||||||| ||und|| | ||
| 040 | _coclc | ||
| 082 |
_a519.5 _bSHU/S |
||
| 100 |
_aShukla, M C _91149 |
||
| 245 | 0 |
_aStatistics Theory And Practice / _cM C Shukla |
|
| 260 |
_bS Chand And Co, _c1975. _aNew Delhi: |
||
| 300 | _a930p | ||
| 650 | _aCommerce | ||
| 942 |
_cBK _2ddc _h519.5 _iSHU/S _k519.5 _mSHU/S |
||